[Event "TUR Cup"]
[Site "Antalya"]
[Date "2020.01.29"]
[Round "6"]
[White "Eremkere, Mehmet Halil"]
[Black "Yenice, Yusuf Erkan"]
[Result "1-0"]
[WhiteElo "1670"]
[BlackElo "1508"]
[PlyCount "130"]
[EventDate "2020.01.26"]
[EventType "swiss"]
[EventRounds "11"]
[EventCountry "TUR"]
[SourceTitle "CBM 194 Extra"]
[Source "ChessBase"]
[SourceDate "2020.03.31"]
[SourceVersion "1"]
[SourceVersionDate "2020.03.31"]
[SourceQuality "1"]

1. e4 c5 2. Nf3 e6 3. d4 cxd4 4. Nxd4 a6 5. Nd2 d6 6. f4 Nf6 7. Bd3 Nc6 8. N4b3 Be7 9. Nc4 b5 10. Ne3 Bb7 11. Bd2 0-0 12. 0-0 Qb6 13. Kh1 Nd4 14. e5 dxe5 15. fxe5 Ne4 16. Nxd4 Qxd4 17. Rf4 Qxe5 18. Ng4 Qd6 19. Rxe4 Bxe4 20. Bxe4 Rad8 21. Bd3 f5 22. Nf2 e5 23. Ba5 Rd7 24. a3 Qc6 25. c3 Bh4 26. Nh3 e4 27. Qb3+ Kh8 28. Bf1 f4 29. c4 Qe6 30. Qc2 f3 31. Bb4 Rc8 32. b3 Re8 33. cxb5 e3 34. Bc4 Qg4 35. Ng1 Rd2 36. Qxd2 exd2 37. Nxf3 axb5 38. Bxb5 Rd8 39. Nxd2 Bg5 40. Nf3 Qh5 41. Bc4 Bf4 42. a4 Qg4 43. a5 h5 44. a6 h4 45. h3 Qd7 46. Bc5 Ra8 47. a7 Bc7 48. Nxh4 Qc6 49. Bg1 Bb6 50. Ra6 Rxa7 51. Rxb6 Qc7 52. Ra6 Rxa6 53. Bxa6 Kh7 54. Bd3+ Kh8 55. Bc4 Kh7 56. Nf3 Qa5 57. Bd4 Qa2 58. Kh2 Qa3 59. Be5 Qa2 60. Ng5+ Kh6 61. h4 Qa5 62. Bf4 Kh5 63. Bg3 Qd2 64. Nf3 Qa2 65. Bd6 Qa5 1-0

[Event "TUR Cup"]
[Site "Antalya"]
[Date "2020.01.29"]
[Round "5"]
[White "Yenice, Yusuf Erkan"]
[Black "Kaptan, Emre Akin"]
[Result "0-1"]
[WhiteElo "1508"]
[BlackElo "1869"]
[PlyCount "102"]
[EventDate "2020.01.26"]
[EventType "swiss"]
[EventRounds "11"]
[EventCountry "TUR"]
[SourceTitle "CBM 194 Extra"]
[Source "ChessBase"]
[SourceDate "2020.03.31"]
[SourceVersion "1"]
[SourceVersionDate "2020.03.31"]
[SourceQuality "1"]

1. e4 c5 2. c3 Nf6 3. d3 Nc6 4. Nf3 e6 5. Be2 Be7 6. 0-0 d5 7. Nbd2 0-0 8. Re1 Qc7 9. Bf1 a6 10. a4 Rb8 11. g3 b5 12. axb5 axb5 13. b3 Bb7 14. e5 Nd7 15. d4 Qb6 16. Bb2 b4 17. Bd3 bxc3 18. Bxc3 cxd4 19. Bb2 Nc5 20. Bb1 d3 21. Nd4 Nb4 22. N2f3 Ra8 23. Rxa8 Rxa8 24. h4 Ba6 25. Ng5 h6 26. Kg2 hxg5 27. hxg5 Kf8 28. Qh5 Ke8 29. Qh8+ Bf8 30. Bc1 Ne4 31. Be3 d2 32. Rd1 Kd7 33. Bxe4 dxe4 34. Rxd2 Bd3 35. Qg8 Nd5 36. Qxf7+ Be7 37. Nf5 Nxe3+ 38. Nxe3 Qxb3 39. Qg6 Qb4 40. Rd1 Ra2 41. Qxg7 Rxf2+ 42. Kxf2 Qb2+ 43. Kg1 Qe2 44. Rxd3+ exd3 45. Nf1 Qe1 46. Kg2 d2 47. Nxd2 Qxd2+ 48. Kh3 Qxg5 49. Qh8 Qf5+ 50. Kg2 Qe4+ 51. Kh3 Qh1+ 0-1